000 00877nam a2200301Ia 4500
001 76527
003 IT-RoPAU
008 130308s9999 xx 000 0 und d
040 _aIT-RoPAU
040 _cIT-RoPAU
041 _aITALIANO
100 _aLlano Alejandro
100 _gCodice Aut. SPICS: 26792
245 _aNuova sensibilità (La)
245 _bNuovi Miti dell'informazione (I)
250 _a1a ed.
260 _aTORINO
260 _bGutenberg 2000
260 _c1988 [1° Ed.:1988 - Ed.Ling.Originale:1987]
300 _a"17 p. (prefazione: no ; testo: 17 [pagine: 49-65])"
500 _aNeoconservatorismo e Tardomoderno Sensibilità Postmoderna Altro Modo di Pensare Nuova Complessita'
650 _aPOLITICA DELLA COMUNICAZIONE SOCIALE
650 _eCodice materia Spics: 3803
942 _cBK
957 _71
999 _c43828
_d43828
999 _bSI
999 _g1